<?xml version="1.0" encoding="UTF-8"?>
<record
    xmlns:xsi="http://www.w3.org/2001/XMLSchema-instance"
    xsi:schemaLocation="http://www.loc.gov/MARC21/slim http://www.loc.gov/standards/marcxml/schema/MARC21slim.xsd"
    xmlns="http://www.loc.gov/MARC21/slim">

  <leader>00561nam a2200109Ia 4500</leader>
  <controlfield tag="008">160712s9999    xx            000 0 und d</controlfield>
  <datafield tag="245" ind1=" " ind2=" ">
    <subfield code="a">Amigo. (2010). Written and directed by John Sayles. Starring Chris Cooper, Garret Dillahunt, DJ Qualls, Lucas Neff, Yul Vazquez, Joel Torre, Bembol Roco, Pen Medina, Irma Adlawan, Rio Locsin. Produced by Maggie Renzi. United States.</subfield>
  </datafield>
  <datafield tag="260" ind1=" " ind2=" ">
    <subfield code="c">2011</subfield>
    <subfield code="b">Social Science Diliman</subfield>
  </datafield>
  <datafield tag="300" ind1=" " ind2=" ">
    <subfield code="a">vol. 7 no. 1</subfield>
  </datafield>
  <datafield tag="650" ind1=" " ind2=" ">
    <subfield code="x">SOCIAL SCIENCE</subfield>
  </datafield>
  <datafield tag="856" ind1=" " ind2=" ">
    <subfield code="u">http://journals.upd.edu.ph/index.php/socialsciencediliman/issue/view/254/showToc</subfield>
  </datafield>
  <datafield tag="999" ind1=" " ind2=" ">
    <subfield code="c">297660</subfield>
    <subfield code="d">297660</subfield>
  </datafield>
  <datafield tag="952" ind1=" " ind2=" ">
    <subfield code="0">0</subfield>
    <subfield code="1">0</subfield>
    <subfield code="4">0</subfield>
    <subfield code="a">CL</subfield>
    <subfield code="b">CL</subfield>
    <subfield code="d">2016-07-12</subfield>
    <subfield code="l">0</subfield>
    <subfield code="r">2016-07-12 00:00:00</subfield>
    <subfield code="w">2016-07-12</subfield>
    <subfield code="y">FEJ</subfield>
  </datafield>
</record>
